00583nam a2200121Ia 4500008004100000082002800041100001800069245011800087260001400205365000600219630011800225730011800343100415s9999 xx 000 0 und d b17737a599.74428(54795) aChellam Ravi aA Prelimnary Study on the Ecology of the Leopard Panthera pardus fusca in Sanjay Gandhi National Park Maharashtra aMUMBAIc0 b0 aA Prelimnary Study on the Ecology of the Leopard Panthera pardus fusca in Sanjay Gandhi National Park Maharashtra aA Prelimnary Study on the Ecology of the Leopard Panthera pardus fusca in Sanjay Gandhi National Park Maharashtra